<?xml version="1.0" encoding="UTF-8"?>
<record
    xmlns:xsi="http://www.w3.org/2001/XMLSchema-instance"
    xsi:schemaLocation="http://www.loc.gov/MARC21/slim http://www.loc.gov/standards/marcxml/schema/MARC21slim.xsd"
    xmlns="http://www.loc.gov/MARC21/slim">

  <leader>00673nam a22001577a 4500</leader>
  <controlfield tag="003">LRUA</controlfield>
  <controlfield tag="005">20191203151602.0</controlfield>
  <controlfield tag="008">191203b        xxu||||| |||| 00| 0 eng d</controlfield>
  <datafield tag="040" ind1=" " ind2=" ">
    <subfield code="c">RUA</subfield>
  </datafield>
  <datafield tag="082" ind1=" " ind2=" ">
    <subfield code="a">LMA LAY 2017 B652 Or.1</subfield>
  </datafield>
  <datafield tag="100" ind1=" " ind2=" ">
    <subfield code="9">14027</subfield>
    <subfield code="a">LAY PISETH &#x17A1;&#x17B6;&#x1799;&#x200B; &#x1796;&#x17B7;&#x179F;&#x17B7;&#x178A;&#x17D2;&#x178B;</subfield>
  </datafield>
  <datafield tag="245" ind1=" " ind2=" ">
    <subfield code="a">study on land resource requiment for social economic development in ratanakiri province &#x179F;&#x17B7;&#x1780;&#x17D2;&#x179F;&#x17B6;&#x179A;&#x1796;&#x17B8;&#x178F;&#x1798;&#x17D2;&#x179A;&#x17BC;&#x179C;&#x1780;&#x17B6;&#x179A;&#x178A;&#x17B8;&#x1792;&#x17D2;&#x179B;&#x17B8;&#x1780;&#x17B6;&#x179A;&#x17A2;&#x1797;&#x17B7;&#x179C;&#x178C;&#x17D2;&#x178D;&#x179F;&#x17C1;&#x178A;&#x17D2;&#x178B;&#x1780;&#x17B7;&#x1785;&#x17D2;&#x1785;&#x1787;&#x1793;&#x1794;&#x1791;&#x1793;&#x17C5;&#x1781;&#x17C1;&#x178F;&#x17D2;&#x178F;&#x179A;&#x178F;&#x1793;&#x1782;&#x17B8;&#x179A;&#x17B8;</subfield>
  </datafield>
  <datafield tag="260" ind1=" " ind2=" ">
    <subfield code="a">RUA</subfield>
    <subfield code="b">Phbon penh</subfield>
    <subfield code="c">2017</subfield>
  </datafield>
  <datafield tag="300" ind1=" " ind2=" ">
    <subfield code="a">viii;39p</subfield>
    <subfield code="b">ill;</subfield>
    <subfield code="c">29cm</subfield>
  </datafield>
  <datafield tag="942" ind1=" " ind2=" ">
    <subfield code="2">ddc</subfield>
    <subfield code="c">LMA</subfield>
  </datafield>
  <datafield tag="999" ind1=" " ind2=" ">
    <subfield code="c">18454</subfield>
    <subfield code="d">18454</subfield>
  </datafield>
  <datafield tag="952" ind1=" " ind2=" ">
    <subfield code="0">0</subfield>
    <subfield code="1">0</subfield>
    <subfield code="2">ddc</subfield>
    <subfield code="4">0</subfield>
    <subfield code="6">LMA_LAY_2017_000000000000000_B652_OR_1</subfield>
    <subfield code="7">0</subfield>
    <subfield code="9">82505</subfield>
    <subfield code="a">LBB</subfield>
    <subfield code="b">LBB</subfield>
    <subfield code="c">B652</subfield>
    <subfield code="d">2019-12-03</subfield>
    <subfield code="l">2</subfield>
    <subfield code="o">LMA LAY 2017 B652 Or.1</subfield>
    <subfield code="p">A43863</subfield>
    <subfield code="r">2022-06-24</subfield>
    <subfield code="s">2022-06-08</subfield>
    <subfield code="w">2019-12-03</subfield>
    <subfield code="y">LMA</subfield>
  </datafield>
  <datafield tag="952" ind1=" " ind2=" ">
    <subfield code="0">0</subfield>
    <subfield code="1">0</subfield>
    <subfield code="2">ddc</subfield>
    <subfield code="4">0</subfield>
    <subfield code="6">LMA_LAY_2017_000000000000000_B652_OR_2</subfield>
    <subfield code="7">0</subfield>
    <subfield code="9">82506</subfield>
    <subfield code="a">LBB</subfield>
    <subfield code="b">LBB</subfield>
    <subfield code="c">B652</subfield>
    <subfield code="d">2019-12-03</subfield>
    <subfield code="l">1</subfield>
    <subfield code="o">LMA LAY 2017 B652 Or.2</subfield>
    <subfield code="p">A44356</subfield>
    <subfield code="r">2023-07-14</subfield>
    <subfield code="s">2023-06-19</subfield>
    <subfield code="w">2019-12-03</subfield>
    <subfield code="y">LMA</subfield>
  </datafield>
  <datafield tag="952" ind1=" " ind2=" ">
    <subfield code="0">0</subfield>
    <subfield code="1">0</subfield>
    <subfield code="2">ddc</subfield>
    <subfield code="4">0</subfield>
    <subfield code="6">LMA_LAY2017_B652_OR_3_000000000000000</subfield>
    <subfield code="7">0</subfield>
    <subfield code="9">82507</subfield>
    <subfield code="a">LBB</subfield>
    <subfield code="b">LBB</subfield>
    <subfield code="c">B652</subfield>
    <subfield code="d">2019-12-03</subfield>
    <subfield code="o">LMA LAY2017 B652 Or.3</subfield>
    <subfield code="p">A42426</subfield>
    <subfield code="r">2019-12-03</subfield>
    <subfield code="w">2019-12-03</subfield>
    <subfield code="y">LMA</subfield>
  </datafield>
  <datafield tag="952" ind1=" " ind2=" ">
    <subfield code="0">0</subfield>
    <subfield code="1">0</subfield>
    <subfield code="2">ddc</subfield>
    <subfield code="4">0</subfield>
    <subfield code="6">LMA_LAY2017_B652_OR_4_000000000000000</subfield>
    <subfield code="7">0</subfield>
    <subfield code="9">82508</subfield>
    <subfield code="a">LBB</subfield>
    <subfield code="b">LBB</subfield>
    <subfield code="c">B652</subfield>
    <subfield code="d">2019-12-03</subfield>
    <subfield code="l">1</subfield>
    <subfield code="o">LMA LAY2017 B652 Or.4</subfield>
    <subfield code="p">A43778</subfield>
    <subfield code="r">2020-11-10</subfield>
    <subfield code="s">2020-10-06</subfield>
    <subfield code="w">2019-12-03</subfield>
    <subfield code="y">LMA</subfield>
  </datafield>
  <datafield tag="952" ind1=" " ind2=" ">
    <subfield code="0">0</subfield>
    <subfield code="1">0</subfield>
    <subfield code="2">ddc</subfield>
    <subfield code="4">0</subfield>
    <subfield code="6">LMA_LAY_2017_000000000000000_B652_OR_5</subfield>
    <subfield code="7">0</subfield>
    <subfield code="9">82509</subfield>
    <subfield code="a">LBB</subfield>
    <subfield code="b">LBB</subfield>
    <subfield code="c">B652</subfield>
    <subfield code="d">2019-12-03</subfield>
    <subfield code="o">LMA LAY 2017 B652 Or.5</subfield>
    <subfield code="p">A44206</subfield>
    <subfield code="r">2019-12-03</subfield>
    <subfield code="w">2019-12-03</subfield>
    <subfield code="y">LMA</subfield>
  </datafield>
  <datafield tag="952" ind1=" " ind2=" ">
    <subfield code="0">0</subfield>
    <subfield code="1">0</subfield>
    <subfield code="2">ddc</subfield>
    <subfield code="4">0</subfield>
    <subfield code="6">LMA_LAY_2017_000000000000000_B652_OR_1</subfield>
    <subfield code="7">0</subfield>
    <subfield code="9">82510</subfield>
    <subfield code="a">LBB</subfield>
    <subfield code="b">LBB</subfield>
    <subfield code="c">B652</subfield>
    <subfield code="d">2019-12-03</subfield>
    <subfield code="o">LMA LAY 2017 B652 Or.1</subfield>
    <subfield code="r">2019-12-03</subfield>
    <subfield code="w">2019-12-03</subfield>
    <subfield code="y">LMA</subfield>
  </datafield>
</record>
